57 'B' Movies Quiz Stats

 Plays Quiz Updated Sep 19, 2018

Also try: 57 'C' Movies
Challenge
Share
Tweet
Embed
Score 0/57 Timer 14:00
3 Plays Today
Year & Genre(s) Movie % Correct
1995: FamilyBabe
92.1%
1985: SciFi/AdventureBack to the Future
87.7%
1942: AnimatedBambi
75.6%
2000: ComedyBring It On
74.6%
2006: ActionBlood Diamond
73.2%
2003: ComedyBad Santa
71.7%
1992: FamilyBeethoven
69.9%
1985: Teen DramaThe Breakfast Club
69.6%
1963: HorrorThe Birds
67.7%
1999: HorrorThe Blair Witch Project
64.5%
2001: WarBlack Hawk Down
62.3%
1958/88: HorrorThe Blob
60.6%
2004: MysteryThe Butterfly Effect
59.9%
1999: ComedyBig Daddy
59.6%
1995: Epic/WarBraveheart
59.4%
2004: ActionThe Bourne Supremacy
59.1%
1980: MusicThe Blues Brothers
56.2%
1992: ThrillerBasic Instinct
55%
1959: EpicBen-Hur
53.5%
1982: SciFi/CultBlade Runner
51.6%
1991: AnimatedBeauty and the Beast
49.4%
1977: WarA Bridge Too Far
46.8%
1967: CrimeBonnie and Clyde
46.6%
2006: ComedyBorat
46.5%
1988: DramedyBeaches
42.3%
1997: SuperheroBatman and Robin
41.5%
1997: DramaBoogie Nights
39.8%
1999: ActionThe Boondock Saints
38.4%
2008: ComedyBurn After Reading
38.1%
Year & Genre(s) Movie % Correct
2009: DramaBrothers
37.1%
1988: ComedyBeetlejuice
33.4%
2005: ComedyBe Cool
31.6%
1997: ComedyBean
29.7%
1996: ComedyThe Birdcage
27%
2000: SciFiBattlefield Earth
22.5%
1915: Drama/HistoryThe Birth of a Nation
22.4%
1989: War/DramaBorn on the Fourth of July
21.2%
1985: SciFiBrazil
20.3%
2000: DramaBoiler Room
19.3%
2000: ActionBattle Royale
19.1%
1986: MysteryBlue Velvet
18.6%
1935: HorrorBride of Frankenstein
17.5%
1991: ActionBackdraft
15.8%
1992: DramaBad Lieutenant
14.9%
1984: ThrillerBlood Simple.
14.3%
1925: HistoryBattleship Potemkin
13.2%
1990: SatireThe Bonfire of the Vanities
12.5%
1946: DramaThe Best Years of Our Lives
12.2%
1946: Film-NoirThe Big Sleep
10.6%
2007: ThrillerBefore the Devil Knows You're Dead
10%
2005: ThrillerBrick
9.9%
1969: WarBattle of Britain
8.3%
1993: ThrillerBody of Evidence
8.3%
2007: FantasyBridge to Terabithia
6.4%
1966: MysteryBlow Up
6.4%
1980: WarThe Big Red One
4.9%
2006: WarBlack Book
3.8%

You're not logged in!

Compare scores with friends on all Sporcle quizzes.
OR
Log In

You Might Also Like...

Show Comments

Extras

Top Quizzes Today


Score Distribution

Your Account Isn't Verified!

In order to create a playlist on Sporcle, you need to verify the email address you used during registration. Go to your Sporcle Settings to finish the process.

Report this User

Report this user for behavior that violates our Community Guidelines.

Details: